=LDR 00000nam 2200000 4500 =001 INLIS000000000054316 =005 20200120090038 =035 ##$$a 0010-0120000094 =007 ta =008 200120###########################0###### =020 ##$$a 978-602-262-898-9 =082 ##$$a 910 .02 =084 ##$$a 910 .02-Edy g =100 #$$a Edy Haryono =245 1#$$a Geografi pesisisr dan kelautan /$c Edy Haryono =260 ##$$a Yogyakarta :$b G,$c 2018 =300 ##$$a xii, 74 Hlm : $b ilus. ; $c 24 Cm. =700 #$$a Irma Lusi Nugraheni =504 ##$$a Bib : hlm 71-74 =600 #4$$a Geografi Fisik =990 ##$$a 03960396 =990 ##$$a 03960396 =990 ##$$a 03960396 =990 ##$$a 03960396 =990 ##$$a 21900792 =990 ##$$a 1202000396 =990 ##$$a 1202000397 =990 ##$$a 1202000398 =990 ##$$a 21900793 =990 ##$$a 1202000396 =990 ##$$a 1202000397 =990 ##$$a 21900792 =990 ##$$a 21900794 =990 ##$$a 1202000396 =990 ##$$a 21900793 =990 ##$$a 21900792 =990 ##$$a 21900795 =990 ##$$a 21900794 =990 ##$$a 21900793 =990 ##$$a 21900792